All BTS songs & solo projects - Statistics

General Stats
  • This quiz has been taken 3,183 times
    1,454 since last reset
  • The average score is 129 of 313
Answer Stats
Answer % Correct
U (Feat. Kwon Jin Ah & Rap Monster)
98%
You (Prod. SUGA of BTS)
91%
N.O
88%
Trivia: Love
88%
Butter
85%
Outro: Tear
84%
Run
83%
Dynamite
82%
No More Dream
82%
ON
81%
Seven (feat. Latto)
80%
Outro: Her
79%
DNA
78%
Boy With Luv (feat. Halsey)
76%
Like
76%
Boy in Luv
75%
IDOL
73%
Outro: Ego
73%
FAKE LOVE
72%
Danger
71%
Euphoria
71%
Airplane
70%
Burning Up (Fire)
70%
MIC Drop
70%
Spring Day
70%
Standing Next to You
70%
Black Swan
69%
Save Me
69%
3D (feat. Jack Harlow)
67%
HOME
67%
Intro: Persona
67%
Lie
66%
Permission to Dance
66%
Run BTS
66%
We Are Bulletproof Pt.2
66%
Dope
65%
FRI(END)S
65%
Friends
65%
Interlude: Wings
65%
Intro: Serendipity
65%
Life Goes On
65%
Coffee
64%
Filter
64%
Mikrokosmos
64%
Moon
64%
wherever u r (ft. V of BTS)
64%
I Need U
63%
Intro: Singularity
63%
Butterfly
62%
dimple
62%
Go Go
62%
Magic Shop
62%
Not Today
62%
Stay
62%
War of Hormone
62%
Agust D
61%
Airplane pt.2
61%
Anpanman
61%
Epiphany
61%
Pied Piper
61%
Rain
61%
Blue
60%
Daechwita
60%
Dionysus
60%
Don't (feat. RM)
60%
Epilogue: Young Forever
60%
Introduction: Youth
60%
Jump
60%
Like Crazy
60%
Just One Day
59%
Outro: House of Cards
59%
Angel Pt. 1 (feat, Kodak Black, Jimin of BTS & JVKE)
57%
Interlude : Set me free
57%
Make It Right
57%
UGH!
57%
Blood Sweat & Tears
56%
My Time
56%
Trivia: Seesaw
56%
Stigma
55%
00:00 (Zero O'Clock)
54%
Begin
54%
BTS Cypher Pt.3: Killer
54%
Intro
54%
Intro.
54%
Love Maze
54%
MAMA
54%
MORE
54%
Silver Spoon
54%
Yet To Come
54%
BTS Cypher Pt.2: Triptych
53%
Closer (with Paul Blanco, Mahalia)
53%
I'm Fine
53%
Jamais Vu
53%
Outro.
53%
So What
53%
BTS Cypher 4
52%
Intro: 2 Cool 4 Skool
52%
Trivia: Just Dance
52%
Arson
51%
Attack on Bangtan
51%
Awake
51%
Best Of Me
51%
Stay Gold
51%
The Last
51%
The Truth Untold (feat. Steve Aoki)
51%
21st Century Girl
50%
Blue & Grey
50%
Ma City
50%
Paradise
50%
Super Tuna
50%
Telepathy
50%
The Astronaut
50%
134340
49%
Converse High
49%
Spine Breaker
49%
2! 3!
48%
Dis-ease
48%
Intro: Boy Meets Evil
48%
Tomorrow
48%
We Are Bulletproof: the Eternal
48%
Yes or No
48%
Answer: Love Myself
47%
Inner Child
47%
Interlude: Shadow
47%
Lost
47%
Set Me Free Pt.2
47%
Yun (with Erykah Badu)
47%
Autumn Leaves
46%
For You
46%
Haegeum
46%
Interlude
46%
People
46%
Boyz with Fun
45%
Daydream
45%
Fly To My Room
45%
Still With You
45%
Who
45%
Crystal Snow
44%
D-Day
44%
Intro: Skool Luv Affair
44%
Louder than Bombs
44%
BTS Cypher Pt.1
43%
Hate You
43%
Hope World
43%
Intro: O!RUL8,2?
43%
Wake Up
43%
Chicken Noodle Soup (feat. Becky G)
42%
Closer to You (feat. Major Laser)
42%
Lights
42%
Wild Flower (with youjeen)
42%
Born Singer
41%
Face-off
41%
Film Out
41%
First Love
41%
on the street (with J. Cole)
41%
seoul (prod. HONNE)
41%
Slow Dancing
41%
Whalien 52
41%
Am I Wrong
40%
Let Go
40%
Let Me Know
40%
Reflection
40%
We On
40%
Alone
39%
AMYGDALA
39%
Don't Leave Me
39%
My Universe
39%
Respect
39%
Left and Right (Feat. Jung Kook of BTS)
38%
Love Me Again
38%
Please Don't Change (feat. DJ Snake)
38%
Promise
38%
Intro: The Most Beautiful Moment In Life
37%
Rainy Day
37%
Shot Glass of Tears
37%
Winter Bear
37%
24/7=Heaven
36%
Hold Me Tight
36%
If I Ruled the World
36%
moonchild
36%
People, Pt. 2 (feat.IU)
36%
For Youth
35%
Hip Hop Phile
35%
Paldogangsan
35%
Somebody
35%
Tony Montana
35%
Dreamers
34%
Miss Right
34%
tokyo
34%
Too Sad to Dance
34%
Your eyes tell
34%
Embarrassed
33%
Stay Alive (Prod. SUGA of BTS)
33%
Take Two
33%
Abyss
32%
Burn It (feat. MAX)
32%
Intro: Never Mind
32%
Moonlight
32%
Change
31%
My You
31%
Outro: Love Is Not Over
31%
All Night
30%
Give It to Me
30%
Pandora's Box
30%
Snooze (feat. Ryuichi Sakamoto, WOOSUNG of The Rose)
30%
That That (prod. & feat. SUGA of BTS)
30%
Heartbeat
29%
HUH?! (feat. j-hope)
29%
Look Here
29%
Moving On
29%
So Far Away
29%
= (Equal Sign)
28%
Outro: Luv in Skool
28%
Still Life (with Anderson .Paak)
28%
Blue Side (Outro)
27%
For Us
27%
NEURON (with Gaeko & YOON MIRAE)
27%
Outro: Propose
27%
Where You From
27%
28 (feat. NiiHWA)
26%
Could You Turn off Your Cell Phone
26%
Dream Glow
26%
HANGSANG
26%
Closer Than This
25%
Come Back Home
25%
forever rain
25%
Lonely
25%
SDL
25%
Strange (feat. RM)
25%
Yours
25%
A Brand New Day
24%
Christmas Tree
24%
eight(Prod.&Feat. SUGA of BTS)
24%
Good Day
24%
Intro: What Am I to You
24%
i wonder... (with Jung Kook of BTS)
24%
Dear my friend (feat. Kim Jong Wan of NELL)
23%
Savage Love (ft. BTS)
23%
The Stars
23%
Tonight
23%
VIBE (feat. Jimin of BTS)
23%
Bad Decisions (with BTS & Snoop Dogg)
22%
Change pt.2
22%
Christmas Love
22%
Polar Night
22%
Sweet Night
22%
What do you think?
22%
What if...
22%
OUTRO : Crack
21%
OUTRO: The Journey
21%
Angel Pt. 2 (feat. Jimin of BTS, Charlie Puth, and Muni Long)
20%
Base Line
20%
Future
20%
Interlude: Dive
20%
STOP
20%
Waste It On Me
20%
Wishing On A Star
20%
With you
20%
All Day (with Tablo)
19%
Bicycle
19%
Honsool
19%
Intro: Ringwanderung
19%
lock / unlock (with benny blanco & Nile Rodgers)
19%
Outro: Do You Think It Makes Sense?
19%
badbye (with eAeon)
18%
i don't know (with HUH YUNJIN of LE SSERAFIM)
18%
line!
18%
So 4 more
18%
A Supplementary Story: You Never Walk Alone
17%
Hectic (with Colde)
17%
It's Definitely You
17%
No.2 (with parkjiyoon)
17%
P.O.P (Piece of Peace) Pt. 1
17%
Safety Zone
17%
Snow Flower (feat. Peakboy)
17%
The Planet
17%
uhgood
17%
Blueberry Eyes (feat. SUGA of BTS)
16%
everythinggoes (with Nell)
16%
Forg_tful (with Kim Sawol)
16%
Old Town Road (feat. RM of BTS)
16%
Rush Hour (Feat. j-hope of BTS)
16%
Scenery
16%
Interlude: Dawn
15%
Interlude: What Are You Doing Now
15%
Lilith (feat. SUGA of BTS) (Diablo IV Anthem)
15%
Smoke Sprite (feat. RM of BTS)
15%
SUGA's Interlude
15%
Too Much - The Kid LAROI, Jung Kook, Central Lee
15%
WINTER FLOWER(Feat.RM)
15%
INTRO: Calling
14%
724148
13%
Girl Of My Dreams (with SUGA of BTS)
13%
line!Pt.2 - Ano Bashode-
13%
SEXY NUKIM (feat. RM of BTS)
13%
Intro : DT sugA (feat. DJ Friz)
12%
Music Box : Reflection
12%
140503 at Dawn
11%
Interlude_dream, Reality
11%
Animal
10%
Song Request (feat. SUGA of BTS)
9%
Champion
8%
Gajah
8%
WINE (Feat.Changmo) (Prod. SUGA)
8%
Crying Over You (feat. RM & BEKA)
7%
Love U, Hate U
6%
Our Island (Prod. SUGA of BTS)
6%
Timeless
6%
ProMeTheUs
5%
Don't ever say you love me (feat. RM of BTS)
4%
We don't talk together (Prod. by SUGA)
4%
Because I'm a Foolish Woman
2%
No matching quizzes found
Score Distribution
Percent of People with Each Score
Percentile by Number Answered
Your Score History
You have not taken this quiz since the last reset